000
00225nam a22000857a 4500
008
160706b xxu||||| |||| 00| 0 eng d
100
_9
2379
_a
Agarwal, N.S
245
_a
India Youth and Integration
260
_a
New Delhi
_b
Aurobindo
999
_c
2056
_d
2056